000 01001 a2200205 4500
003 Nust
005 20170207153411.0
010 _a79118050
040 _cNust
082 _a355.02
100 _aMichael Elliott-Bateman
245 _aThe Fourth dimension of warfare
_cMichael Elliott-Bateman
260 _aPraeger
_bNew York,
_c1970
300 _axi, 181 p
_b22 cm
490 _vVol-1
505 _aS G F Brandon (page-1) MRD Foot Special Operation /1(Page-19) MRD Foot Special Operation /2 (apge-35) Donald McLachlan Intelligence : The Common Denominator / 1(Page-52) Donald McLachlan Intelligence : The Common Denominator /2(Page-2)Major – General Sir Colin Gubbins (Page-83) Henri Raymond Alias Cesar Experiences of an SOE Agent in France (Page-111) Michael Elliott- Bateman The Nature of People War(page-127) Michael Elliott- Bateman The Form of People War (Page-153)
538 _aAlmirah No.52, Shelf No.6
600 _aMichael Elliott-Bateman
650 _aThe Fourth dimension of warfare
942 _2ddc
_cBK
999 _c185383
_d185383